000 00565nam a2200229Ia 4500
003 OSt
005 20220924153508.0
006 a|||||r|||| 00| 0
007 ta
008 220923b |||||||| |||| 00| 0 kan d
024 _a350386
037 _cTextual
040 _aARTS
_cARTS
_bkan
041 _2kan
_akan
082 _aO33:gx, N1
100 _aBhairavamurti K Au.
_9228945
245 0 _aSamarasa
260 _c1999
650 _aKANNAD LITERATURE
942 _hO33:gx, N1
_cTEXL
_2CC
999 _c473757
_d473757